Honduras: Industrialización, empleo y explotación de la fuerza de trabajo /
محفوظ في:
| المؤلف الرئيسي: | |
|---|---|
| التنسيق: | غير معروف |
| الموضوعات: | |
| الوسوم: |
إضافة وسم
لا توجد وسوم, كن أول من يضع وسما على هذه التسجيلة!
|
MARC
| LEADER | 00000 a2200000 04500 | ||
|---|---|---|---|
| 001 | 31448 | ||
| 003 | cru IIS | ||
| 005 | 20230307140537.0 | ||
| 008 | 991231s d | ||
| 040 | |c cru IIS | ||
| 090 | |a 0001 C172f | ||
| 100 | 1 | |a Cid, José Rafael del |9 10972 | |
| 245 | |a Honduras: Industrialización, empleo y explotación de la fuerza de trabajo / |c José Rafael del Cid | ||
| 300 | |a 134-200 p. | ||
| 650 | |a MERCADO COMUN CENTROAMERICANO | ||
| 650 | |a INDUSTRIA | ||
| 650 | |a EMPLEO | ||
| 650 | |a MANO DE OBRA | ||
| 650 | |a INDICADORES ECONOMICOS | ||
| 650 | |a SECTOR INDUSTRIAL | ||
| 650 | |a INDICADORES SOCIALES | ||
| 942 | |2 ddc |c LI | ||
| 999 | |c 2656 |d 2656 | ||
| 773 | 0 | |0 12363 |9 8351 |a Camacho, Daniel |d San José: EDUCA, 1979 |o 02778 |t El Fracaso social de la integración centroamericana: Capital, tecnología y empleo / |w (cru IIS)31338 | |
